00923cam a2200253 a 450000100100000000500170001000800410002702000150006804000250008308200180010810000530012624501000017926000390027930000210031849000280033965000270036765000310039470000370042583000360046291000280049891000070052695201210053399900150065400000528720200929151631.0010725s2001 sp b 001 1 spa  a8466303936 aDO-SdBNPbspacBNPHU a862.3bC146vi1 aCalderón de la Barca, Pedro,d1600-1681.9554713aLa vida es sueño /cPedro Calderón de la Barca ; estudio y notas, Begoña Alonso Monedero. a[Madrid] :bSuma de Letras,c2001. a239 p. ;c18 cm.1 aPunto de lecturav300/3 4aTeatro español93071 4aLiteratura española96321 aAlonso Monedero, Begoña915053 0aPunto de lectura ;v300/393047 aCatalogación derivada aWM 001052708MOaGRbGRcHDd2009-08-31iLF1l0o862.3 C146vip5287-10r2020-06-25w2020-06-25y2ZPréstamo interno c5088d5088